Your poket planner for Pregnancy/ (Record no. 174605)

MARC details
000 -LEADER
fixed length control field 00535nam a22001817a 4500
005 - DATE AND TIME OF LATEST TRANSACTION
control field 20210315151019.0
010 ## - LCCN (DPL NO)
LC control number ENG-128235
020 ## - INTERNATIONAL STANDARD BOOK NUMBER
Terms of availability 399.00
International Standard Book Number 9789386473844
035 ## - SYSTEM CONTROL NUMBER
System control number EN-111767
037 ## - SOURCE OF ACQUISITION
Source of stock number/acquisition DBAD/PUB
082 ## - DEWEY DECIMAL CLASSIFICATION NUMBER
Classification number 618.24
100 ## - MAIN ENTRY--PERSONAL NAME
Personal name Bhat,Sujata
245 ## - TITLE STATEMENT
Title Your poket planner for Pregnancy/
Statement of responsibility, etc by Sujata Bhat
260 ## - PUBLICATION, DISTRIBUTION, ETC. (IMPRINT)
Place of publication, distribution, etc New Delhi
Name of publisher, distributor, etc Vitasta
Date of publication, distribution, etc 2020
270 ## - ADDRESS
Address Renu kaul Verma 2/15, Ansari Road,Daryaganj
City New Delhi
Postal code 110002
300 ## - PHYSICAL DESCRIPTION
Extent xi;179p.
Dimensions 22cm(pbk)
942 ## - ADDED ENTRY ELEMENTS (KOHA)
Source of classification or shelving scheme Dewey Decimal Classification
Item type English Books
Classification part 618.24
Call number suffix BHA
Holdings
Withdrawn status Lost status Not for loan Collection code Home library Current library Date acquired Source of acquisition Cost, normal purchase price Full call number Barcode Copy number Cost, replacement price Koha item type
      Non-fiction Ashok Vihar Ashok Vihar 24/06/2020 DBAD/PUB 399.00 618.24 BHA EN-111767 1 399.00 English Books

© Delhi Public Library
Hit Counter
free hit counter